| 000 | 00491pab a2200169 454500 | ||
|---|---|---|---|
| 008 | 180718b2010 xxu||||| |||| 00| 0 eng d | ||
| 100 | _aCharyulu, D. Kumar | ||
| 245 | _aNature and magnitude of risk in the semi-arid tropics (SAT) of India - a case of Mahabubnagar district in Andhra Pradesh | ||
| 260 | _c2010 | ||
| 300 | _ap.575-580. | ||
| 362 | _aJan | ||
| 650 | _aAgriculture | ||
| 700 | _aRao, K.P.C. | ||
| 773 | _aAgricultural Situation in India | ||
| 908 | _aN | ||
| 909 | _a91272 | ||
| 999 |
_c91272 _d91272 |
||